Dari hari ke hari

Bibliographic Details
Main Author: Abdul Kadir Ahmad
Format: Book
Published: Kuala Lumpur : DBP , 1992

MARC

LEADER 00000cam a2200000 7i4500
001 0000006344
002 000006849
005 20000330.0
020 |a 9836227903 
090 0 0 |a F   |b ABD 
100 0 |a Abdul Kadir Ahmad 
245 1 0 |a Dari hari ke hari   |c A.Kadir Ahmad 
260 |a Kuala Lumpur :   |b DBP ,   |c 1992 
300 |a 294 p. ;   |c 18 cm. 
999 |a 039414   |b BUKU   |c PINJAMAN   |e PERPUSTAKAAN KOMUNITI PETALING JAYA